| 000 | nam a22 7a 4500 | ||
|---|---|---|---|
| 999 |
_c2188 _d2188 |
||
| 005 | 20170515151419.0 | ||
| 008 | 170515b1990 enk||||| |||| 00| 0 eng d | ||
| 020 | _a0415049776 | ||
| 040 | _aAKMAL | ||
| 082 | _a382.6091 TRE | ||
| 090 |
_a382.6091 _bTRE |
||
| 100 | 1 |
_aTrebilcock, M. J. _94611 |
|
| 245 | 1 | 0 |
_aTrade and transitions : _ba comparative analysis of adjustment policies / _cMichael J. Trebilcock, Marsha A. Chandler and Robert Howse. |
| 260 |
_a London : _bRoutledge, _c 1990 |
||
| 300 |
_axiv, 277 p. ; _c 23 cm |
||
| 500 | _aBibliography: p. 228-270p. - Includes index. | ||
| 650 | 0 |
_aTrade adjustment assistance. _94612 |
|
| 700 | 1 |
_aChandler, Marsha A., _d1945- _94613 |
|
| 700 | 1 |
_aHowse, Robert, _d1958- _94614 |
|
| 942 |
_2ddc _cBOOK |
||